| 000 | 00392nam a2200145Ia 4500 | ||
|---|---|---|---|
| 008 | 220216s9999 xx 000 0 und d | ||
| 100 | _aKoseki Yasuaki | ||
| 245 | 0 | _aEncapsulation in ternary elastomer blends | |
| 260 |
_bRubber Chemistry and Technology _c1999 |
||
| 300 | _a109-118 | ||
| 650 | _aTernary Elastomer blends | ||
| 700 | _aLee Moo Sung | ||
| 700 | _aMacosko C W | ||
| 942 | _cJS | ||
| 999 |
_c58585 _d58585 |
||